000 00864nam a22002897a 4500
003 CHAP
005 20220329140544.0
008 971013s1972 r 00010 d
010 _a53866
011 _a54838
035 _a58990
040 _cCHAP
082 _a664.8028
_bW5
100 0 0 _aWieland, Henry.
_9121839
245 _aEnzymes in food processing and products
260 _aPark Ridge, N.J. :
_bNoyes Data Corporation,
_c1972
300 _a269 p.
_b: ilus.
490 _aFood processing review
_v; 23
590 _aBATCH-UPD
_b10
_c20130110
_lUCH01
_h0614
590 _aCONVERSION
_b10
_c20130109
_lUCH01
_h1329
650 1 4 _aAlimentos
_xProcesado.
_94267
650 1 4 _aEnzimas.
_937195
830 0 _aFood processing review
_v; 23
_942193
901 _aBK
942 _cLIBRO
949 _a664.8028 W5
_bBC
_cLIBRO
_d33724000100202
_eLIBRO
_h26858
_i58990
_si
999 _c53866
_d53866